Chansons de Le sserafim - Statistiques

Statistiques générales
  • Ce quiz a été pris 96 fois
    16 depuis la dernière actualisation
  • Le résultat moyen est 13 sur 30
Statistiques - réponses
Réponse % Correct
Antifragile
86%
Fearless
86%
Smart
86%
CRAZY
79%
Unforgiven
79%
EASY
64%
1-800-hot-n-fun
57%
Eve, psyche and the bluebeard's wife
57%
Perfect Night
57%
Blue Flame
50%
Crazier
43%
Impurities
43%
No Celestial
43%
Pierrot
43%
Sour Grapes
43%
Swan Song
43%
Good parts
36%
The Hydra
36%
The world is my oyster
36%
Between you, me and the lamppost
29%
Chasing Lightning
29%
Fire in the Belly
29%
Flash Forward
29%
Good Bones
29%
No-Return (into the unknown)
29%
The great mermaid
29%
Burn the Bridge
21%
We got so much
21%
Jewelry
14%
Dresscode
7%
Aucun quiz correspondant
Distribution des résultats
% des personnes avec chaque résultat
Percentile par nombre de réponses
Votre historique - résultats
Vous n’avez pas pris ce quiz depuis la dernière actualisation